Bilecik Bilecik Bilecik Bilecik Bilecik

Şeyhülislamlığa ait üç numaralı Telhis Defterinin transkripsiyon ve değerlendirmesi (VR.1-95) | / (Record no. 66535)

MARC details
000 -BAŞLIK
Sabit Uzunluktaki Kontrol Alanı 01464nam a22004337a 4500
001 - KONTROL NUMARASI
Control Dosyası T0000636
003 - KONTROL NUMARASI KİMLİĞİ
Kontrol Alanı KOHA_MİRAKIL
005 - EN SON İŞLEM TARİHİ ve ZAMANI
Kontrol Alanı 20260207004631.0
007 - FİZİKSEL TANIM SABİT ALAN - GENEL BİLGİ
Sabit uzunluklu kontrol alanı ta
008 - SABİT UZUNLUKTAKİ VERİ ÖGELERİ - GENEL BİLGİ
Sabit Alan 210629b2021 tu |||grm|||#0|||0|tur |
040 ## - KATALOGLAMA KAYNAĞI
Özgün Kataloglama Kurumu TR-BiSEU
Kataloglama Dili tur
Çeviri Kurumu TR-BiSEU
Açıklama Kuralları rda
041 0# - DİL KODU
Metin ya da ses kaydının dil kodu tur
044 ## - YAYINLAYAN/ÜRETEN KURULUŞUN ÜLKE KODU
ISO country code tu
050 00 - SINIFLAMA ve YER NUMARASI
Sınıflama Numarası Tez
Yer Numarası 636
100 1# - KİŞİ ADI
Yazar Adı (Kişi adı) Güven, Gamze.
245 1# - ESER ADI BİLDİRİMİ
Başlık Şeyhülislamlığa ait üç numaralı Telhis Defterinin transkripsiyon ve değerlendirmesi (VR.1-95)
245 1# - ESER ADI BİLDİRİMİ
Başlık /
Sorumluluk Bildirimi Gamze Güven ; Gamze Güven; danışman İlhami Yurdakul.
264 #1 - ÜRERİM, YAYIN, DAĞITIM ve TELİF BİLDİRİMİ
Yayın yeri Bilecik :
Yayınlayan Bilecik Şeyh Edebali Üniversitesi
Yayın tarihi 2021
300 ## - FİZİKSEL TANIMLAMA
Sayfa, Cilt vb. iv, 214 sayfa; 30 cm. +
Birlikteki Materyal 1 CD-ROM
336 ## - İÇERİK TÜRÜ
Content type term metin
Content type code txt
Source rdacontent
337 ## - MEDYA TÜRÜ
Media type term aracısız
Media type code n
Source rdamedia
338 ## - TAŞIYICI TÜRÜ
Carrier type term cilt
Carrier type code nc
Source rdacarrier
490 0# - DİZİ BİLDİRİMİ
Dizi Bildirimi Ref.
490 0# - DİZİ BİLDİRİMİ
Dizi Bildirimi No: 10236054
500 ## - GENEL NOT
Genel Not Kaynakça var.
500 ## - GENEL NOT
Genel Not İngilizce Eser Adı: Transcription text of the three numbered Copy Book (VR.1-95)
502 ## - TEZ NOTU
Tez Notu Tez (Yüksek Lisans) -- Bilecik Şeyh Edebali Üniversitesi Sosyal Bilimler Enstitüsü Tarih Anabilim Dalı, Bilecik, .
650 #0 - KONU BAŞLIĞI EK GİRİŞ - KONU TERİMİ
Konusal terim veya coğrafi ad Medrese.
9 (RLIN) 124904
650 #0 - KONU BAŞLIĞI EK GİRİŞ - KONU TERİMİ
Konusal terim veya coğrafi ad Şeyhülislam.
9 (RLIN) 124905
650 #0 - KONU BAŞLIĞI EK GİRİŞ - KONU TERİMİ
Konusal terim veya coğrafi ad Kadıasker.
9 (RLIN) 124906
650 #0 - KONU BAŞLIĞI EK GİRİŞ - KONU TERİMİ
Konusal terim veya coğrafi ad Müderris.
9 (RLIN) 124907
650 #0 - KONU BAŞLIĞI EK GİRİŞ - KONU TERİMİ
Konusal terim veya coğrafi ad Madrasa.
9 (RLIN) 124908
650 #0 - KONU BAŞLIĞI EK GİRİŞ - KONU TERİMİ
Konusal terim veya coğrafi ad Cadilesker.
9 (RLIN) 124909
650 #0 - KONU BAŞLIĞI EK GİRİŞ - KONU TERİMİ
Konusal terim veya coğrafi ad Mudarrıs.
9 (RLIN) 124910
830 0# - SERİ EK GİRİŞİ - TEKBİÇİM ESER ADI
Tekbiçim Başlık Ref.
9 (RLIN) 123605
830 0# - SERİ EK GİRİŞİ - TEKBİÇİM ESER ADI
Tekbiçim Başlık No: 10236054
9 (RLIN) 124911
856 40 - ELEKTRONİK YER ve ERİŞİM
Kaynak Tanımlayıcı (URL) <a href="https://hdl.handle.net/11552/1731 ">https://hdl.handle.net/11552/1731 </a>
907 ## - LOCAL DATA ELEMENT G, LDG (RLIN)
a Yüksek Lisans
942 ## - EK GİRİŞ ÖGELERİ (KOHA)
Source of classification or shelving scheme Library of Congress Classification
Koha item type Thesis
Holdings
Materyal Türü Kalıcı Konum Mevcut Konum Raf Yeri Sınıflandırma Kaynağı Edinim Bilgisi Yer Numarası Demirbaş Numarası Fatura Tarihi Geri Çekilme Durumu Kayıp Durumu Hasarlı Durumu Kredi için değil Kayıt Tarih Toplam Ödünçverme Son Görülme Tarihi Son Kontrol Tarihi
Thesis Prof. Dr. Azmi Özcan Kütüphanesi Prof. Dr. Azmi Özcan Kütüphanesi Depo Library of Congress Classification Bağış Tez/636 T0000636 02/02/2026         29/06/2021   05/12/2024 05/12/2024